| 000 | 00510nam a22001577a 4500 | ||
|---|---|---|---|
| 003 | PILC | ||
| 005 | 20150112093425.0 | ||
| 008 | 130215t xxu||||| |||| 00| 0 eng d | ||
| 020 | _a9780256082258 | ||
| 050 |
_aHF 5635 _b.L334 1990 |
||
| 082 |
_aASF 657.21 _bL32 1990 |
||
| 245 |
_aFunadmentals of accounting principles : _cKermit D. Larson _bStudy guide with solutions. vol. 2. / |
||
| 260 |
_aHomewood, IL and Boston, MA _bIrwin _c1990. |
||
| 300 |
_a200 pages : _billustration ; _c28 cm. |
||
| 942 |
_2lcc _cBK |
||
| 999 |
_c14183 _d14183 |
||